Holiday Quiz

Random Holiday or Halloween Quiz

A Halloween Murder Mystery Quiz Stats

 Plays Quiz Updated Jul 13, 2015

Challenge
Share
Tweet
Score 0/30 Timer 15:00
1 Play Today
% Correct
???
100%
???
67.1%
???
61.9%
???
54.8%
???
52.4%
???
51.2%
???
38.1%
???
34.8%
???
34.3%
???
33%
???
31.6%
???
29.1%
???
29%
???
27.3%
???
26.2%
% Correct
???
26%
???
22.7%
???
18.8%
???
18.5%
???
17.4%
???
17.4%
???
17.4%
???
15.1%
???
13.6%
???
13.1%
???
12.7%
???
12.4%
???
11.9%
???
11.3%
???
9.8%

You're not logged in!

Compare scores with friends on all Sporcle quizzes.
OR
Log In

You Might Also Like...

Show Comments

Extras

Top Quizzes Today


Score Distribution

Your Account Isn't Verified!

In order to create a playlist on Sporcle, you need to verify the email address you used during registration. Go to your Sporcle Settings to finish the process.

Report this User

Report this user for behavior that violates our Community Guidelines.

Details: